| 000 | 01394nam a22003017a 4500 | ||
|---|---|---|---|
| 008 | 130821s2007 ck gr spa | ||
| 020 | _a9789587580143 | ||
| 040 |
_aCO-BoUCM _bspa _cJavier Garzón _dHenry Ríos |
||
| 041 | 0 | 0 | _aspa |
| 100 | 1 |
_aGilbert, Elizabeth _d1969- _938847 |
|
| 245 | 1 | 0 |
_aComer, rezar, amar el viaje de una mujer por Italia, India e Indonesia en busca del equilibrio entre cuerpo y espíritu _cElizabeth Gilbert ; traducción de Gabriela Bustelo |
| 260 |
_aBogotá (Colombia) _bDistribuidora y Editora Aguilar, Altea, Taurus, Alfaguara _c2007 |
||
| 300 | _a350 páginas | ||
| 600 | 1 | 4 |
_aGilbert, Elizabeth _d1969- _xViajes _938848 _vNovela |
| 650 | 7 |
_aAutorrealización en la mujer _923490 _vNovela |
|
| 650 | 7 |
_aLiteratura estadounidense _939426 |
|
| 650 | 7 |
_aMujeres en la literatura _vNovela _939427 |
|
| 650 | 7 |
_aNovela estadounidense _920501 |
|
| 650 | 7 |
_aRelatos de viajes _938850 _vNovela |
|
| 651 | 4 |
_aIndia _xDescripciones y viajes _938852 _vNovela |
|
| 651 | 4 |
_aIndonesia _xDescripciones y viajes _938853 _vNovela |
|
| 651 | 4 |
_aItalia _xDescripciones y viajes _938851 _vNovela |
|
| 690 | _aLiteratura estadounidense | ||
| 700 | 1 |
_aBustelo, Gabriela _etraductor _938854 |
|
| 765 | 0 | _aEat, pray, love: One woman´s search for everything across Italy, India and Indonesia | |
| 942 |
_cLIBRO _a21 _e1 _mG464 _2DEWEY _h813.54 |
||
| 999 |
_c167194 _d167194 |
||